| 000 | 00754pam a2200241 a 4500 | ||
|---|---|---|---|
| 001 | 672559 | ||
| 005 | 20250424133552.0 | ||
| 008 | 950908s1996 ilua b 001 0 eng | ||
| 020 | _a0256162050 | ||
| 050 | 0 | 0 |
_aHD30.28 _b.T53 1996 |
| 082 | 0 | 0 |
_a658.4/012 _220 |
| 100 | 1 |
_aThompson, Arthur A., _d1940- |
|
| 245 | 1 | 0 |
_aStrategic management : _bconcepts & cases / _cArthur A. Thompson, Jr., A.J. Strickland III. |
| 250 | _a9th ed. | ||
| 260 |
_aChicago : _bIrwin, _cc1996. |
||
| 300 |
_axx, 1035 p. : _bill. ; _c26 cm. |
||
| 650 | 0 | _aStrategic planning. | |
| 650 | 0 |
_aStrategic planning _xCase studies. |
|
| 650 | 0 | _aStrategic planning. | |
| 650 | 0 |
_aStrategic planning _xCase studies. |
|
| 700 | 1 |
_aStrickland, A. J. _q(Alonzo J.) |
|
| 942 |
_2lcc _cBK _n0 |
||
| 999 |
_c5525 _d5525 |
||